000 00518nam a22001697a 4500
008 151120b xxu||||| |||| 00| 0 eng d
041 0 _a0534647278 (student ed.)
080 _a654.1
100 1 _aZettl, Herbert.
245 1 0 _aTelevision production handbook /
_cHerbert Zettl.
250 _a9th ed.
260 _aBelmont, Calif. :
_bThomas Wadsworth,
_cc2006.
300 _axxviii, 548 f :
_bme il.;
_c26 cm.
650 0 _aTelevizion
650 0 _vHandbooks, manuals, etc.
_xProduction and direction
942 _2udc
_cBK
999 _c1378
_d1378